| 000 | 00471cam a2200193ua 4500 | ||
|---|---|---|---|
| 001 | 1364 | ||
| 005 | 20260515113325.0 | ||
| 008 | 110707n ii |||gr||||Z||||||asm | ||
| 040 | _cMAIN | ||
| 082 | _a323.4 | ||
| 100 | 1 |
_aGogoi, Purandar, _eAuthor. |
|
| 245 | 1 |
_aManab Adhikar _cBy Purandar Gogoi |
|
| 250 | _a2nd. | ||
| 260 |
_aDibrugarh: _bBanalata, _c2004. _aGuahati: |
||
| 300 |
_a282p: _c23cm. |
||
| 653 | _aPolitical Science | ||
| 653 | _aHuman Rights | ||
| 942 | _cBK | ||
| 999 |
_c1260 _d1260 |
||